Pintura paisajista

Gespeichert in:
Bibliographische Detailangaben
1. Verfasser: Wolf, Norbert (VerfasserIn)
Format: Buch
Sprache:Spanisch
Veröffentlicht: Colonia Taschen 2008
Schlagworte:
Tags: Tag hinzufügen
Keine Tags, Fügen Sie den ersten Tag hinzu!

MARC

LEADER 00000nam a2200000 a 4500
001 UCG7177
003 CL-VaPUC
008 110624e20080000GW |||||||||||||||||spa|d
020 |a 9783822854648 
082 0 4 |a 750  |b WOL  |2 21 
100 0 |a Wolf, Norbert  |e author  |9 557792 
245 1 0 |a Pintura paisajista 
300 |a 96 p 
942 |c BK 
945 |d 20110624 00:00:00  |a dcastane 
260 |a Colonia  |b Taschen  |c 2008 
650 0 |a Pintura  |9 265046 
650 0 |a Pintura paisajista   |9 557793 
583 |a last modification  |c 20110624 00:00:00  |k Rodrigo Vera 
999 |c 345241  |d 345239 
952 |0 0  |1 0  |4 0  |6 750_000000000000000_WOL_2008  |7 0  |8 C  |9 443723  |a BIBCUR  |b BIBCUR  |d 2019-11-22  |i 4785584  |l 2  |o 750 WOL 2008  |p 4785584  |r 2025-04-22  |s 2024-11-13  |w 2019-11-22  |y BK  |k CAC